Yakko's Nations of the World - Statistics

General Stats
  • This quiz has been taken 209 times
  • The average score is 76 of 160
Answer Stats
Hint Answer % Correct
Most populated country in North America United States
99%
Largest country in North America Canada
97%
Largest Spanish speaking country in North America Mexico
93%
Has a canal that connects the Atlantic and Pacific Ocean Panama
91%
Shares a Caribbean island with another country Haiti
90%
South American country where the Inca Empire originated Peru
90%
Caribbean island where Bob Marley is from Jamaica
88%
A communist Caribbean island county Cuba
86%
Shares a Caribbean island with another country, has a governmental qualifier in its name Republic Dominican
85%
World's largest island Greenland
77%
The smallest country in Central America El Salvador too
76%
A sea between North and South America, home to many tropical islands Caribbean
74%
Could potentially become the 51st US state Puerto Rico
74%
South American country that was once plagued with drug cartels, dealing predominantly in cocaine Colombia
72%
Oil rich country in South America Venezuela
69%
Largest country in South America Brazil
67%
A very narrow South American country Chile
66%
Former British colony in South America Guyana, and still
66%
Second largest country in South America then Argentina
66%
Owns the Galápagos Islands and Ecuador
64%
Largest landlocked country in South America Bolivia
64%
Most populated country in Central America Guatemala
64%
Fought El Salvador in the Football War Honduras
64%
The only English speaking country in Central America Belize
62%
The country which is the birthplace of democracy and Greece
61%
A Scandivanian country that is not in NATO and Sweden
61%
The first country in Central America to have no standing army Costa Rica
61%
The origin country of the Roman Empire Italy
61%
A Scandinavian country that is not in the European Union Norway
61%
A historically neutral European country Switzerland
61%
European country that was in two parts until 1990 and Germany now in one piece
60%
A Overseas Department of France in South America French Guiana
60%
The smallest landlocked country in South America Paraguay
60%
Was annexed by Nazi Germany prior to World War II Austria
59%
A European country that no longer exists which split into two Czechoslovakia
59%
Former South American Dutch colony Suriname
59%
The only Asian country in NATO Turkey
59%
The second smallest country in South America Uruguay
59%
The most sparsley populated country in Europe and Iceland
58%
Largest country on the Central American isthmus Nicaragua
58%
The only country to start with the letter O Oman
58%
Invaded by Nazi Germany and the Soviet Union at the same time Poland
58%
The largest country in the Balkans that speaks a Romance language Romania
58%
World's largest country Russia
58%
The capital of Puerto Rico San Juan
58%
One of the four countries that makes up the United Kingdom, commonly associated with bagpipes and haggis Scotland
58%
A US island in the Pacific home to a major military base and Guam
57%
The largest country on the Arabian Peninsula Saudi Arabia
57%
The most sparsley populated country in the European Union and Finland
56%
A European country whose island suffered a Potato Famine in the 1800s Ireland
55%
One of two islands that make up the southernmost country in the Caribbean Tobago
55%
A country consisting of over 700 islands, cays, and islets in the Atlantic Ocean Bahamas
53%
An Atlantic island country that is generally considered to be part of the Caribbean Barbados
53%
A British Overseas Territory in the North Atlantic Ocean Bermuda
53%
It is highly disputed whether this island country is in Europe or Asia Cyprus
53%
Previously known as Persia Iran
53%
Invaded Kuwait in 1990 Iraq
53%
European country which was home to Napoleon Bonaparte France
52%
The largest country on the Iberian Peninsula and Spain
51%
The largest continent Asia
51%
The smallest of the three Scandinavian countries Denmark
51%
One of the four countries that makes up the UK, the name of which is often wrongly used synonymously for "United Kingdom" England
51%
Second most populated country in the world India
51%
The smallest of the Benelux countries Luxembourg
51%
The most populated country in the world and China
50%
The smallest country on the Iberian Peninsula and Portugal
50%
European country that is split in half by language Belgium
50%
A country on the Arabian Peninsula that prior to 1990 was split into two parts both Yemens
50%
The old name for Myanmar Burma
50%
The smallest country whose territory includes a portion of Mount Everest Nepal
50%
A predominantly Muslim country which has a strong rivalry with the previous country Pakistan
50%
European country that is mostly under sea level The Netherlands
50%
A Middle Eastern country whose capital has the same name as the country Kuwait
49%
Formerly a part of Pakistan until 1971 when it gained independence then Bangladesh
49%
Has the highest standard of living in the Middle East Israel
48%
Island country known as "The Land of the Rising Sun" Japan
48%
Home to the ancient stone city of Petra Jordan
48%
Currently in a state of civil war and is ranked last on the Global Peace Index There's Syria
48%
An oil rich island country in the Middle East and Bahrain
47%
Asian country whose monarch is known as the "Dragon King" and Bhutan
47%
A peninsula that contains two countries who are technically still at war Korea
47%
A Southeast Asian country that remained independent during colonial times Thailand
47%
Mountainous autonomous region in China and Tibet
46%
Landlocked country in Indochina Laos
46%
World's largest producer of opium Afghanistan
45%
World's largest island country Indonesia
45%
Home to the 'Paris of the East' Lebanon
45%
A Southeast Asian country split into two similarly sized regions Malaysia
45%
Island country which is claimed by China but has de facto independence Taiwan
45%
A country that once had the largest contiguous empire in all of history Mongolia
44%
A country that was divided in two and after a war, which had heavy intervention from the United States, ended in a victory for the North and Vietnam
43%
Has the world's southernmost capital city New Zealand
43%
Europe's largest producer of outdoor grown cannabis Albania
42%
Country previously known as the "Silicon Valley of the Eastern Bloc" Bulgaria
42%
African country that has land borders with Spain Morocco
42%
Island split between two countries on the continent of Australia New Guinea
42%
Island country formerly known as Ceylon Sri Lanka
42%
Island shared by three countries then Borneo
42%
Predominantly Catholic Asian island country the Philippine Islands
42%
The smallest country to have territory on Lake Victoria Uganda
42%
Westernmost major Indonesian island Sumatra
41%
The only country to successfully transition to a democracy after the Arab Spring Tunisia
41%
Oil rich African country, formerly a Portuguese colony Angola
39%
A small country on the Horn of Africa, formerly a French colony Djibouti
39%
Has the largest natural grasslands in Europe Hungary
39%
The Khmer name for Cambodia Kampuchea
39%
The largest country in Africa Algeria
37%
Country famous for its pyramids Egypt
37%
African country with one of the highest rates of HIV and lowest levels of corruption on the continent Botswana
36%
The only African country to feature a firearm on its flag Mozambique
36%
African country whose dictator was removed from power during a military coup in 2017 Zimbabwe
36%
Small country completely surrounded by South Africa Lesotho
35%
The most populated country in Africa Nigeria
35%
An African country whose population is primarily descended from freed American slaves and Liberia
34%
Landlocked African country named after a lake Chad
34%
A small absolute monarchy in southern Africa Swaziland
34%
The northernmost country that made up the general region of Rhodesia Zambia
34%
Country on the Horn of Africa that has been embroiled in a civil war since the 1980s and produces a large number of pirates Somalia
33%
An African country with vast reserves of gold Ghana
32%
Landlocked African country, 80% of its territory lying in the Sahara Desert Niger
32%
Oil rich country in equatorial Africa, formerly a French colony and Gabon
31%
African country that contains a lake of the same name which takes up a third of the country's territory and Malawi
31%
East African country known for its world class track ans field athletes Kenya
31%
The largest country in Africa before 2011 Sudan
31%
A country formed when Tanganyika and Zanzibar merged Tanzania
31%
The name for the land claimed by the Sahrawi Arab Democratic Republic when it was a colonial holding of a European empire the Spanish Sahara is gone
31%
A narrow and small African country Togo
31%
The largest country in Oceania Australia
30%
The smallest country on mainland Africa Gambia
30%
Largest island in Africa Madagascar
30%
A very poor but politically stable African democracy, one of the Africa's largest cotton producers Benin
29%
Ranked as the least happiest country in the 2018 Global Happiness Report Burundi
29%
African country named after a gulf Guinea
29%
Small, religiously tolerant African nation which has been devastated by a civil war lasting from 1991-2002 and more recently the 2014 Ebola outbreak Sierra Leone
29%
An African country named for a gold rich empire that was twice the size of France at its height and Mali
28%
National flag was one solid color until it was replaced in 2011 Libya
28%
A European microstate, famous for its casinos Monaco
28%
One of the least densley populated countries in the world, previously part of South Africa Namibia
28%
Region of Romania commonly associated with vampires then Transylvania
28%
A country in the Balkans that split into seven different countries Yugoslavia
28%
Capital of the United Arab Emirates Abu Dhabi
27%
A river which two tropical African countries get their names Congo
27%
Largest of Greece's islands Crete
27%
A doubly landlocked microstate Liechtenstein
27%
A de jure country in the Middle East, often in direct conflict with Israel and Palestine
26%
A former British city in China Hong Kong
26%
A tiny island country in the Mediterranean Sea Malta
26%
Middle Eastern country with the highest per capita income in the world Qatar
26%
African country that experienced a brutal genocide of one ethnic group in 1994 Rwanda
26%
The westernmost country on mainland Afro-Eurasia Senegal
26%
The former name of Benin Dahomey
25%
An African country, the last country to legally abolish slavery Mauritania
25%
Former name for the Democratic Republic of the Congo Zaire
25%
Its capital seats the headquarters of the African Union Ethiopia
24%
A Pacific island nation which was experienced a military coup in 2006 Fiji
24%
A British Overseas Territory in the Caribbean consisting of three islands and Cayman
23%
Capital of Algeria Algeirs
21%
The only African country to have French and English as official languages Cameroon
21%
African country named after a gulf, has a regional qualifier in its name Guinea-Bissau
21%
An alternate name for the island of Mayotte, a French Overseas Department claimed by the Comoros Maore
14%
No matching quizzes found
Score Distribution
Percent of People with Each Score
Percentile by Number Answered
Your Score History
You have not taken this quiz